Sports Quiz

Random Sports or Hockey Quiz

Top Scorer Award Quiz Stats

 Plays Quiz not verified by Sporcle

Support Sporcle.
Go Orange.
Score 0/29 Timer 03:00
0 Plays Today
Season Player Name % Correct
2012-13Roberts Lipsbergs
100%
1995-96Patrick Marleau
76.9%
1996-97Patrick Marleau
76.9%
1989-90Glen Goodall
69.2%
2004-05Aaron Gagnon
69.2%
2005-06Aaron Gagnon
69.2%
2006-07Aaron Gagnon
69.2%
2007-08Bud Holloway
61.5%
2008-09Greg Scott
61.5%
2009-10Prab Rai
61.5%
2010-11Burke Gallimore
61.5%
2011-12Burke Gallimore
61.5%
2002-03Brooks Laich
53.8%
1998-99Bret DeCecco
46.2%
2000-01Shane Endicott
38.5%
Season Player Name % Correct
2001-02Dustin Johner
38.5%
1992-93Blake Knox
30.8%
1994-95Chris Wells
30.8%
1997-98Mark Parrish
30.8%
1990-91Doug Barrault
23.1%
2003-04Tyler Metcalfe
23.1%
1993-94Chris Herperger
15.4%
1999-00Alan Manness
15.4%
1991-92Mike Kennedy
7.7%
2013-14Shea Theodore
0%
2014-15Ryan Gropp
0%
2015-16Mathew Barzal
0%
2016-17Ryan Gropp
0%
2017-18Zack Andrusiak
0%

You're not logged in!

Compare scores with friends on all Sporcle quizzes.
OR
Log In

From the Vault

Where Is That 'G' City? (USA)

by geronimostilton

On Earth, probably - but we won't narrow it down anymore than that for you.
Remove Ads.
Support Sporcle.
Get the best of Sporcle when you Go Orange. This ad-free experience offers more features, more stats, and more fun while also helping to support Sporcle. Thank you for becoming a member.

Show Comments

Extras

Top Quizzes Today


Score Distribution

Your Account Isn't Verified!

In order to create a playlist on Sporcle, you need to verify the email address you used during registration. Go to your Sporcle Settings to finish the process.

Report this User

Report this user for behavior that violates our Community Guidelines.

Details: